000 01949cam a2200397Li 4500
001 ocn470824191
003 TZ-ArACH
005 2011093007437.0
008 080325s2008 fr 000 0 fre d
015 _a00830623
016 7 _aFRBNF412266510000008
_2FrPBN
020 _a9782296052048
035 _a(OCoLC)470824191
040 _aBDF
_bfre
_cTZ-ArACH
041 _aFre
049 _aSZTA
050 _aJC59
_b .C82
082 1 _a342.660 8
_222
100 1 _aBoga Sako, Gervais.
_4aut
_92523
245 1 4 _aLes droits de l'homme à l'épreuve, cas de la crise ivoirienne du 19 septembre 2002 :
_bsortir les droits de l'homme de l'enfer en Afrique /
_cDr Boga Sako Gervais ; préface du révérend père professeur Benjamin Sombel Sarr.
260 _aParis :
_bl'Harmattan,
_cDL 2008
_e(14-Condé-sur-Noireau :
_fImpr. Corlet numérique)
300 _a1 vol. (247 p.) ;
_c24 cm.
490 0 _aÉtudes africaines
500 _aBibliogr. p. 241-244.
650 7 _aDroits de l'homme
_zCôte d'Ivoire
_y1990-....
_92524
651 7 _aCôte d'Ivoire
_xPolitique et gouvernement
_y1993-....
_92525
760 0 _tÉtudes africaines (Paris. 1996),
_d2008
_x1274-9710
_w(FrPBN)34290781
856 4 2 _3Notice et cote du catalogue de la Bibliothèque nationale de France
_uhttp://catalogue.bnf.fr/ark:/12148/cb41226651c
886 1 _2intermrc
_a009
_ba--d---------------
886 2 _2intermrc
_a680
_b0-
_a340
_b340
942 _2lcc
_cBOOK
999 _c690
_d690